Prirodzené užívateľské rozhranie
Na minha lista:
| Autor principal: | |
|---|---|
| Outros Autores: | |
| Formato: | Manuscrito Livro |
| Idioma: | eslovaco |
| Publicado em: |
Bratislava
2018
|
| Assuntos: | |
| Acesso em linha: | http://is.stuba.sk/zp/portal_zp.pl?podrobnosti=133765 |
| Tags: |
Sem tags, seja o primeiro a adicionar uma tag!
|
MARC
| LEADER | 00000ntm a22000003a 4500 | ||
|---|---|---|---|
| 001 | stuzp70665 | ||
| 003 | SK-STU | ||
| 005 | 20210122121811.1 | ||
| 007 | ta | ||
| 008 | 150427s2015----xo-----f-mn---000-0-slo-d | ||
| 040 | |a STU |b slo | ||
| 041 | 0 | |a slo | |
| 100 | 1 | |a Maťašeová, Vladimíra |u 059190 |4 aut |U FAD Fakulta architektúry |T FA Ústav dizajnu |X 77136 |U A9190 |Y 400 |7 77136 | |
| 242 | 0 | 1 | |a Natural user interface |y eng |
| 245 | 1 | 0 | |a Prirodzené užívateľské rozhranie |
| 260 | |c 2018 |a Bratislava | ||
| 650 | 4 | |a Prirodzené užívateľské rozhranie |2 slo | |
| 650 | 4 | |a Zdieľaná mobilita |2 slo | |
| 650 | 4 | |a Autonómny transport |2 slo | |
| 650 | 4 | |a Funkcie |2 slo | |
| 650 | 4 | |a Praha |2 slo | |
| 650 | 4 | |a Prúdenie |2 slo | |
| 650 | 4 | |a Personalizácia |2 slo | |
| 650 | 4 | |a Natural User Interface |2 eng | |
| 650 | 4 | |a Car Sharing |2 eng | |
| 650 | 4 | |a Autonomous Transport |2 eng | |
| 650 | 4 | |a Flow |2 eng | |
| 650 | 4 | |a Functions |2 eng | |
| 650 | 4 | |a Personalisation |2 eng | |
| 650 | 4 | |a Prague |2 eng | |
| 700 | 1 | |a Lipková, Michala |u 059190 |k Z1 |4 ths |U FAD Fakulta architektúry |T FA Ústav dizajnu |X 15371 |U A9190 |Y 400 |7 A000015371 | |
| 856 | 4 | |u http://is.stuba.sk/zp/portal_zp.pl?podrobnosti=133765 |u https://opac.crzp.sk/?fn=detailBiblioForm&sid=233ADDCA5EB56A100BE53931D49A | |